书目信息 |
| 题名: |
乔布斯和他的对手们
|
|
| 作者: | 姜洪军 | |
| 分册: | ||
| 出版信息: | 北京 科学出版社 2011 |
|
| 页数: | 288 | |
| 开本: | 23cm | |
| 丛书名: | ||
| 单 册: | ||
| 中图分类: | F47 | |
| 科图分类: | ||
| 主题词: | 工业经济 , 国际贸易 | |
| 电子资源: | ||
| ISBN: | 978-7-03-032514-3 | |
| 000 | 00553nam0 2200193 450 | |
| 001 | 1735846483 | |
| 005 | 20170410095726.48 | |
| 010 | @a978-7-03-032514-3 | |
| 100 | @a20170410d km y0chiy0120 ea | |
| 101 | 0 | @achi |
| 200 | 1 | @a乔布斯和他的对手们@Aqiao bu si he ta de dui shou men@f姜洪军@Fjiang hong jun |
| 210 | @a北京@c科学出版社@d2011 | |
| 215 | @a288@d23cm | |
| 606 | 0 | @a工业经济 |
| 606 | 0 | @a国际贸易 |
| 690 | @aF47@v4 | |
| 701 | 0 | @a姜洪军@Ajiang hong jun |
| 801 | 0 | @aCN@b大连网信软件有限公司图书馆·11@c20170410 |
| 905 | @b6604011@dF47@en1@f1 | |
| 乔布斯和他的对手们/姜洪军.-北京:科学出版社,2011 |
| 288;23cm |
| ISBN 978-7-03-032514-3: |
| ● |
| 相关链接 |
|
|
|
|
正题名:乔布斯和他的对手们
索取号:F47/n1
 
预约/预借
| 序号 | 登录号 | 条形码 | 馆藏地/架位号 | 状态 | 备注 |
| 1 | 6604011 | 266040116 | 生命科学系资料室/ [索取号:F47/n1] | 在馆 |